Представление документа в формате RUSMARC

ПолеНазваниеЗначение
  Тип записи a
  Библиографический уровень m
001 Контрольный номер RU/IS/BASE/466526002
005 Дата корректировки 20240207193154.7
010 Индекс ISBN __
a ISBN 5-08-000790-7
b Уточнения в пер.
d Цена 2 р. 50 к.
9 Тираж 100000 экз.
100 Данные общей обработки __
a Данные общей обработки 20141013d2014 ||| 0rusy0189 ca
101 Язык документа 0_
a Язык текста rus
102 Страна публикации __
a Страна публикации RU
105 Кодированные данные (монография) __
a Кодированные данные (монография) y###||||000|y
200 Заглавие и сведения об ответственности 1_
a Заглавие Визитная карточка страны
b Общее обозначение материала Текст
f Первые сведения об ответственности Л. Ф. Стржижовский, И. В. Чехов
f Первые сведения об ответственности худож. В. Н. Белоногов
f Первые сведения об ответственности предисл. В. В. Горбатко
210 Выходные данные 1_
a Место издания Москва
c Издательство Детская литература
d Дата издания 1990
215 Физическое описание __
a Объем 286 с.
c Иллюстрации/тип воспроизводства ил.
606 Тематические рубрики 1_
a Основная рубрика Филателия
610 Ключевые слова 1_
a Ключевые слова коллекционирование марок
a Ключевые слова марки почтовые
a Ключевые слова история возникновения марки
a Ключевые слова филателия
686 Индексы других классификаций __
a Классификационный индекс 76.19
2 Код системы rubbk
700 Автор _1
a Фамилия Стржижовский
b Имя (инициалы) Л. Ф.
701 Альтернативная интеллектуальная ответственность _1
a Фамилия Чехов
b Имя (инициалы) И. В.
801 Источник записи _0
a Страна RU
b Организация Ульяновская ОБДЮ
c Дата составления 20141013
g Правила каталогизации RCR
801 Источник записи _1
a Страна RU
b Организация Ульяновская ОБДЮ
c Дата составления 20141013
g Правила каталогизации RCR
852 Данные о местонахождении __
a Наименование организации Ульяновская ОБДЮ
i Авторский знак С 84
j Шифр хранения 76.19
901 Тип документа __
t Тип документа m
910 Корректоры записи __
a Корректор записи Рябова
919 __
a Рябова
938 Служебная информация __
a Имя БД MarkBase